Generátor riešených príkladov pre predmet UMA (goniometrické rovnice)

Na minha lista:
Detalhes bibliográficos
Autor principal: Jankuliak, Martin (Author)
Outros Autores: Omachelová, Milada (Thesis advisor)
Formato: Manuscrito Livro
Idioma:eslovaco
Publicado em: 2021
Assuntos:
Acesso em linha:http://is.stuba.sk/zp/portal_zp.pl?podrobnosti=148406
Tags: Adicionar Tag
Sem tags, seja o primeiro a adicionar uma tag!

MARC

LEADER 00000ntm a22000003a 4500
001 stuzp85479
003 SK-STU
005 20210626212426.3
007 ta
008 150427s2015----xo-----f-mn---000-0-slo-d
040 |a STU  |b slo 
041 0 |a slo 
100 1 |a Jankuliak, Martin  |u 070400  |4 aut  |U FIIT Fakulta informatiky a informačných technológií  |T FIIT Ústav počítačového inžinierstva a aplikovanej informatiky  |X 96904  |U I400  |Y 672  |7 96904 
242 0 1 |a Generator of solved math problems for subject UMA (trigonometric equations)  |y eng 
245 1 0 |a Generátor riešených príkladov pre predmet UMA (goniometrické rovnice) 
260 |c 2021 
650 4 |a Generátor rovníc  |2 slo 
650 4 |a Goniometrické rovnice  |2 slo 
650 4 |a Wolfram Mathematica  |2 slo 
650 4 |a Equation generator  |2 eng 
650 4 |a Trigonometric equations  |2 eng 
650 4 |a Wolfram Mathematica  |2 eng 
700 1 |a Omachelová, Milada  |u 020080  |k Z1  |4 ths  |U SjF Strojnícka fakulta  |T SjF Ústav matematiky a fyziky  |X 2272  |U J0080  |Y 808  |7 A000002272 
856 4 |u http://is.stuba.sk/zp/portal_zp.pl?podrobnosti=148406